| 000 | 01125nam a2200349 i 4500 | ||
|---|---|---|---|
| 003 | EG-GICUC | ||
| 005 | 20260409143315.0 | ||
| 008 | 260409s1974 mnu |||fr|||| 00| 0 eng d | ||
| 040 |
_aEG-GiCUC _beng _cEG-GiCUC _dEG-GiCUC _erda |
||
| 041 | _aeng | ||
| 082 | 0 | 4 |
_221 _a343.3 _bKA . B |
| 092 | 0 | 4 | _221 |
| 099 | _aLaw1 10 343.3 KA . B 1974 | ||
| 100 | 1 |
_aKamisar, Yale _eAuthor. |
|
| 245 | 1 | 0 |
_aBasic Criminal Procedure : _bCases, Comments and Questions / _cBy Yale Kamisar, Wayne R. Lafave, Jerold H. Israel. |
| 250 | _aFourth Edition | ||
| 264 | 1 |
_aSt. Paul,Minn : _bWest Academic Publishing, _c1974. |
|
| 300 |
_a831 pages; _c24 cm. |
||
| 336 |
_2rda content _atext |
||
| 337 |
_2rda media _aComputer |
||
| 338 |
_2rda carrier _aOnline Resource |
||
| 490 | _aAmerican Casebook Series | ||
| 546 | _aText in English | ||
| 650 | 1 |
_aCriminal Law _2qrmak |
|
| 650 | 1 |
_aLaw of criminal procedure _2qrmak |
|
| 651 | 1 | _2qrmak | |
| 700 | 1 |
_aLafave, Wayne R _eAuthor. |
|
| 700 | 1 |
_aIsrael, Jerold H _eAuthor. |
|
| 856 | 4 | 0 | _uhttps://fll.law.cu.edu.eg/fulltext/bks/B10-08911.pdf |
| 905 | _a54 | ||
| 942 |
_2ddc _n0 _cBK _e21 |
||
| 999 |
_c69842 _d69842 |
||